| 000 | 00490nam a2200169Ia 4500 | ||
|---|---|---|---|
| 008 | 230917s9999||||xx |||||||||||||| ||und|| | ||
| 020 | _cRS1000 | ||
| 040 |
_e223680 _aMAIN |
||
| 041 | _aEnglish | ||
| 082 | _a791.430954 B469B | ||
| 100 | _aBhaskar Rao, C | ||
| 245 | 0 | _aBharatiya cinema: Shikhar Samman:Dada Saheb Phalke:Puraskar vijeta, 2V | |
| 260 |
_aNew Delhi _bSharda Prakashan _c2014 |
||
| 300 | _av. p. | ||
| 500 | _a1917 29/01/2015 RBP43580 31/01/2015 Main Budget | ||
| 942 | _cBK | ||
| 999 |
_c14202 _d14202 |
||